Word Ladder: The Gem State Quiz Stats

 Plays Quiz Updated Jul 5, 2019

Score 0/16 Timer 01:30
1 Play Today
Clue 3-Letter Word % Correct
Make a wager in VegasBET
97.5%
• Bering or Baltic, e.g. •• SEA •
96%
A round of tennisSET
95.9%
Plead like a hungry dogBEG
95.7%
• Young lad •• BOY •
95.1%
Place to get pamperedSPA
93.8%
Slippery skating surfaceICE
93.6%
Wet, muddy groundBOG
93.4%
Clue 3-Letter Word % Correct
Jim Carrey's Pet DetectiveACE
89.4%
A vote in favorAYE
87.4%
Bread of the marble varietyRYE
82.6%
• Gardener's weeding tool •• HOE •
82.5%
Sushi roll garnishROE
74%
Hoppy pub order, brieflyIPA
73.3%
• Civil rights activist ___ B. Wells •• IDA •
55.6%
Common chemistry suffixIDE
54.8%

Today's Daily Dose

Missing Word
Sherlocks

Word Ladder
King of the Hill

Quick Pick
Songs in Pink

Get the Picture
NBA Teammates

You're not logged in!

Compare scores with friends on all Sporcle quizzes.
OR
Log In

Sporcle TV

Today on Sporcle TV


Watch our educational content, quiz creation guides, and fun videos on Sporcle TV.

Show Comments

Extras

Top Quizzes Today


Score Distribution

Your Account Isn't Verified!

In order to create a playlist on Sporcle, you need to verify the email address you used during registration. Go to your Sporcle Settings to finish the process.

Report this User

Report this user for behavior that violates our Community Guidelines.

Details: